Logic in grammar polarity, free choice, and intervention

Ebook from Oxford Scholarship Online; Includes bibliographical references and index

সংরক্ষণ করুন:
গ্রন্থ-পঞ্জীর বিবরন
প্রধান লেখক: Chierchia, Gennaro
বিন্যাস: গ্রন্থ
ভাষা:Undetermined
প্রকাশিত: Oxford Oxford University Press 2013
বিষয়গুলি:
অনলাইন ব্যবহার করুন:http://lrc.tdmu.edu.vn/opac/search/detail.asp?aID=2&ID=35982
ট্যাগগুলো: ট্যাগ যুক্ত করুন
কোনো ট্যাগ নেই, প্রথমজন হিসাবে ট্যাগ করুন!
Thư viện lưu trữ: Trung tâm Học liệu Trường Đại học Thủ Dầu Một
LEADER 00752nam a2200205Ia 4500
001 TDMU_35982
008 210410s9999 xx 000 0 und d
082 |a 401.9 
100 |a Chierchia, Gennaro 
245 0 |a Logic in grammar 
245 0 |b polarity, free choice, and intervention 
245 0 |c Gennaro Chierchia 
260 |a Oxford 
260 |b Oxford University Press 
260 |c 2013 
300 |a xi, 468 p. 
520 |a Ebook from Oxford Scholarship Online; Includes bibliographical references and index 
650 |a Grammar  |x Logic (Linguistics); Ngữ pháp  |x Logic (Ngôn ngữ học) 
856 |u http://lrc.tdmu.edu.vn/opac/search/detail.asp?aID=2&ID=35982 
980 |a Trung tâm Học liệu Trường Đại học Thủ Dầu Một